[Event "2010 Game 4"]
[Site "http://www.queenalice.com/game.php?id=842671"]
[Date "2010.10.6"]
[Round "-"]
[White "BibleFreak"]
[Black "sagissor"]
[Result "1-0"]
[WhiteElo "1741"]
[BlackElo "1452"]

1. d4 d5 2. c4 dxc4 3. Nc3 Nc6 4. d5 Ne5 5. e4 c5 6. Nf3 Qc7 7. Bf4 f6 8. Bxc4
Bg4 9. Qa4+ Bd7 10. Nb5 Qb6 11. Nxe5 fxe5 12. Bxe5 Kd8 13. Bc7+ Qxc7 14. Nxc7
Bxa4 15. Nxa8 Nf6 16. b3 Bd7 17. f3 b5 18. Be2 e5 19. dxe6 Bxe6 20. Bxb5 c4 21.
Bxc4 Bb4+ 22. Ke2 Bxc4+ 23. bxc4 Kc8 24. Rab1 Bc5 25. Rb5 Nd7 26. h4 a6 27.
Rxc5+ Nxc5 28. Nb6+ Kc7 29. Nd5+ Kc6 30. Rb1 g5 31. Rb6+ Kd7 32. h5 g4 33. Nf6+
Kc7 34. Nd5+ Kd7 35. Nf6+ Ke7 36. Nxg4 Rd8 37. Ne3 Rg8 38. g4 Kd7 39. Nd5 Ra8
40. Rh6 Na4 41. c5 Rb8 42. c6+ Kc8 43. c7 Rb2+ 44. Ke3 Rxa2 45. Rxh7 a5 46. Rh8+
1-0

[Event "Game 5 2010"]
[Site "http://www.queenalice.com/game.php?id=860309"]
[Date "2010.11.18"]
[Round "-"]
[White "BibleFreak"]
[Black "sagissor"]
[Result "1-0"]
[WhiteElo "1721"]
[BlackElo "1472"]

1. d4 d5 2. c4 dxc4 3. Nc3 c6 4. e4 b5 5. Be2 e6 6. Nf3 Bb4 7. Qc2 e5 8. Nxe5
Qxd4 9. Bf4 f6 10. Rd1 Qc5 11. Nf3 Nd7 12. O-O Qh5 13. Ne5 fxe5 14. Bxh5+ g6 15.
Qe2 exf4 16. Bf3 Ne5 17. a3 Bxc3 18. bxc3 h5 19. Qd2 Nf7 20. e5 g5 21. Bxc6+ Kf8
22. Bxa8 f3 23. Bd5 fxg2 24. Kxg2 g4 25. e6 Nfh6 26. Qf4+ Ke7 27. Qc7+ Kf6 28.
Qd8+ Kg7 29. Qxc8 Ne7 30. Qd7 Nf5 31. Be4 Kf6 32. Bxf5 Nxf5 33. Qf7+ Kg5 34. f4+
1-0

[Event "Game 6 2010"]
[Site "http://www.queenalice.com/game.php?id=860310"]
[Date "2010.11.18"]
[Round "-"]
[White "sagissor"]
[Black "BibleFreak"]
[Result "1-0"]
[WhiteElo "1444"]
[BlackElo "1749"]

1. e4 e6 2. e5 d5 3. d4 Be7 4. Nh3 Bd7 5. Qf3 Nc6 6. c3 Na5 7. b4 Nc4 8. g4 Ba4
9. g5 g6 10. Bxc4 Bc2 11. Nd2 Qd7 12. Nf4 Bxg5 13. Bxd5 c6 14. Bb3 Bf5 15. Nh3
Bh4 16. Nc4 O-O-O 17. Nd6+ Kc7 18. Bf4 Ne7 19. b5 Nd5 20. c4 Nb4 21. Ba4 Nd3+
22. Kd2 Nb2 23. bxc6 Nxc4+ 24. Ke2 bxc6 25. Bxc6 Qxc6 26. Qxc6+ Kxc6 27. Nxc4
Rxd4 28. Rhc1 Kd5 29. Nd6 Rb8 30. Rd1 Rb2+ 31. Ke1 Bxh3 32. Be3 Rxd1+ 33. Rxd1+
1-0

[Event "Game 7 2010"]
[Site "http://www.queenalice.com/game.php?id=866855"]
[Date "2010.12.2"]
[Round "-"]
[White "BibleFreak"]
[Black "sagissor"]
[Result "1-0"]
[WhiteElo "1733"]
[BlackElo "1460"]

1. d4 d5 2. c4 dxc4 3. Qa4+ c6 4. Qxc4 b5 5. Qd3 g6 6. Nf3 f5 7. e4 f4 8. Bxf4
Na6 9. Nc3 Bg7 10. e5 Bf5 11. Qe3 Qa5 12. Bd3 Bxd3 13. Qxd3 Nb4 14. Qe4 e6 15.
O-O Ne7 16. a3 Na6 17. b4 Qc7 18. Nxb5 cxb5 19. Qxa8+ Nc8 20. Rac1 O-O 21. Rxc7
Nxc7 22. Qe4 Nd5 23. Bg5 Ncb6 24. Bd2 Nc4 25. Bc1 Rf4 26. Bxf4 Nxa3 27. Qxd5
exd5 28. Ra1 Nc2 29. Rxa7 Nxb4 30. e6 Bf6 31. e7 Bxe7 32. Rxe7 Nd3 33. Rb7 Nxf4
34. Rxb5 Ne2+ 35. Kf1 Nf4 36. Ne5 1-0

[Event "Game 8 2010"]
[Site "http://www.queenalice.com/game.php?id=866856"]
[Date "2010.12.2"]
[Round "-"]
[White "sagissor"]
[Black "BibleFreak"]
[Result "0-1"]
[WhiteElo "1466"]
[BlackElo "1727"]

1. e4 e5 2. Nf3 Nc6 3. c4 Bc5 4. a3 a6 5. b4 Ba7 6. c5 Nf6 7. d3 d6 8. Bg5 Bg4
9. Qb3 Bxf3 10. gxf3 Nd4 11. Qc4 Nxf3+ 12. Ke2 Nxg5 13. Rg1 h6 14. h4 Ne6 15.
Bh3 Nd4+ 16. Kf1 b5 17. Qa2 O-O 18. f4 exf4 19. Qg2 Nh5 20. Bg4 f3 21. Qb2 Ne2
22. Bxh5 Nxg1 23. Kxg1 Qxh4 24. Bxf3 dxc5 25. Nd2 cxb4+ 26. Kf1 Qf2# 0-1

[Event "Game 9 2010"]
[Site "http://www.queenalice.com/game.php?id=877871"]
[Date "2010.12.28"]
[Round "-"]
[White "BibleFreak"]
[Black "sagissor"]
[Result "1-0"]
[WhiteElo "1738"]
[BlackElo "1455"]

1. d4 d5 2. c4 dxc4 3. Nc3 Bd7 4. e4 b5 5. Nf3 c6 6. h3 e6 7. Bf4 Na6 8. Ne5 g5
9. Bh2 f6 10. Nxd7 Qxd7 11. e5 Bb4 12. Be2 O-O-O 13. O-O f5 14. a3 Ba5 15. Qd2
Bb6 16. Qxg5 Bxd4 17. Rad1 h6 18. Qf4 c5 19. a4 bxa4 20. Bxc4 Nb4 21. Nb5 Nc2
22. Nd6+ Kc7 23. Qd2 Nb4 24. Qf4 Qg7 25. Bxe6 Bxe5 26. Qxe5 Qxe5 27. Bxe5 Ne7
28. Nf7+ 1-0

[Event "Challenge"]
[Site "http://www.queenalice.com/game.php?id=877872"]
[Date "2010.12.28"]
[Round "-"]
[White "sagissor"]
[Black "BibleFreak"]
[Result "1-0"]
[WhiteElo "1450"]
[BlackElo "1743"]

1. e4 e5 2. d4 exd4 3. e5 Bc5 4. Nf3 Qe7 5. Bc4 Nc6 6. O-O d6 7. exd6 Qxd6 8.
Ng5 Nh6 9. Re1+ Ne7 10. Nxf7 Nxf7 11. Qf3 Rf8 12. Qh5 Qg6 13. Qxc5 Qd6 14. Qh5
Qg6 15. Qe2 Qf6 16. b3 Ne5 17. Ba3 Bg4 18. f3 d3 19. cxd3 O-O-O 20. d4 Bxf3 21.
dxe5 Qb6+ 22. Qf2 Qxf2+ 23. Kxf2 Be4+ 24. Ke3 Nf5+ 25. Kxe4 Rd4+ 26. Kf3 Nh4+
27. Ke3 Nf5+ 28. Ke2 Re8 29. e6 Rxc4 30. bxc4 Rxe6+ 31. Kd2 Rxe1 32. Kxe1 Ne3
33. Ke2 Nc2 34. Bb2 Nxa1 35. Bxa1 c5 36. Bxg7 a5 37. Nc3 Kd7 38. Ke3 Ke6 39. Kf4
Kf7 40. Be5 Ke6 41. Ne4 b6 42. Ng5+ Kd7 43. Nxh7 Kc6 44. g4 Kd7 45. g5 Ke7 46.
g6 Ke6 47. g7 Kf7 48. Ng5+ Kg8 49. Ne6 a4 50. h4 Kf7 51. Ng5+ Kg8 52. h5 b5 53.
h6 bxc4 54. h7# 1-0

[Event "Game 1 2011"]
[Site "http://www.queenalice.com/game.php?id=905652"]
[Date "2011.2.26"]
[Round "-"]
[White "BibleFreak"]
[Black "sagissor"]
[Result "1-0"]
[WhiteElo "1722"]
[BlackElo "1471"]

1. d4 d5 2. c4 dxc4 3. Qa4+ Bd7 4. Qxc4 b5 5. Qb3 a5 6. Qf3 Bc6 7. Qe3 Nf6 8. a4
b4 9. Nf3 e6 10. Nbd2 Nd5 11. Qb3 Qd7 12. Ne5 Qe7 13. e4 Nf4 14. Nxc6 Nxc6 15.
Nc4 Nxd4 16. Qd1 Ng6 17. Qxd4 Rd8 18. Qa7 Qd7 19. Be2 Nf4 20. Bxf4 Rc8 21. Rd1
Qxa4 22. O-O h5 23. Bxc7 b3 24. Nb6 Qc6 25. Nxc8 Bb4 26. Rd8# 1-0

[Event "Game 2 2011"]
[Site "http://www.queenalice.com/game.php?id=905653"]
[Date "2011.2.26"]
[Round "-"]
[White "sagissor"]
[Black "BibleFreak"]
[Result "0-1"]
[WhiteElo "1478"]
[BlackElo "1715"]

1. e4 c5 2. e5 d5 3. f4 Bf5 4. g4 Be4 5. Bb5+ Nc6 6. Nf3 a6 7. Bxc6+ bxc6 8. O-O
c4 9. Nd4 Qb6 10. c3 e6 11. a3 Bc5 12. b4 Bxd4+ 13. cxd4 Qxd4+ 14. Rf2 Qxa1 15.
Nc3 Bd3 16. Kg2 d4 17. Qa4 Ne7 18. b5 Qxc1 19. bxc6 O-O 20. c7 dxc3 21. dxc3
Be4+ 22. Kh3 Qe3+ 23. Kh4 Qxf2+ 24. Kg5 h6+ 25. Kh5 Qxh2# 0-1

[Event "Game 3 2011"]
[Site "http://www.queenalice.com/game.php?id=914334"]
[Date "2011.3.18"]
[Round "-"]
[White "sagissor"]
[Black "BibleFreak"]
[Result "0-1"]
[WhiteElo "1465"]
[BlackElo "1752"]

1. e4 e5 2. d3 Nc6 3. c3 Nf6 4. Bg5 Be7 5. Nh3 d5 6. f3 Be6 7. Qa4 O-O 8. g4 a6
9. b4 b5 10. Qa3 dxe4 11. dxe4 a5 12. Bxb5 axb4 13. Qb2 bxc3 14. Qxc3 Bb4 15.
Qd2 Bxd2+ 16. Nxd2 Nd4 17. Ba4 Rxa4 18. a3 c5 19. O-O Qa5 20. Be3 Nc2 21. Rae1
Nxe1 22. Rxe1 c4 23. Kf2 Qc3 24. Ng5 Bxg4 25. Nb1 Qb2+ 26. Kg3 c3 27. fxg4 Nxe4+
28. Nxe4 Rxe4 29. g5 Rxe3+ 30. Rxe3 c2 31. Re2 Qb3+ 32. Kf2 c1=Q 33. Re1 Qb6+
34. Ke2 Qce3+ 35. Kd1 Qxb1# 0-1

[Event "Game 4 2011"]
[Site "http://www.queenalice.com/game.php?id=914410"]
[Date "2011.3.18"]
[Round "-"]
[White "BibleFreak"]
[Black "sagissor"]
[Result "1-0"]
[WhiteElo "1757"]
[BlackElo "1460"]

1. d4 d5 2. c4 dxc4 3. Nc3 a6 4. Qa4+ b5 5. Nxb5 Bd7 6. Nxc7+ Qxc7 7. Qc2 g6 8.
e4 Bb5 9. a4 Bd7 10. Bxc4 Bh6 11. Bxf7+ Kd8 12. Qxc7+ Kxc7 13. Bd5 Ra7 14. Bxh6
Nxh6 15. Rc1+ Kd8 16. Nf3 e6 17. Bb3 Rf8 18. O-O Rf4 19. Ng5 Nc6 20. Nxe6+ Bxe6
21. Bxe6 Rxe4 22. d5 Nd4 23. f3 Ne2+ 24. Kf2 Ke7 25. Rce1 Rxe6 26. dxe6 Nf4 27.
Re4 Nd3+ 28. Kg1 Nxb2 29. Rf2 Nd3 30. Rd2 Nc5 31. Rc4 Nxe6 32. Re4 Rc7 33. Rde2
Rc1+ 34. Kf2 Kf6 35. Rxe6+ Kg5 36. Rxa6 Rc4 37. g3 Nf5 38. Ra2 h5 39. Ra8 h4 40.
g4 Nh6 41. h3 Kf4 42. Rf8+ Nf5 43. a5 Kg5 44. gxf5 gxf5 45. a6 Kf4 46. a7 Rc3
47. Ra4+ Ke5 48. Re8+ 1-0

[Event "Game 5 2011"]
[Site "http://www.queenalice.com/game.php?id=921967"]
[Date "2011.4.5"]
[Round "-"]
[White "sagissor"]
[Black "BibleFreak"]
[Result "1-0"]
[WhiteElo "1456"]
[BlackElo "1761"]

1. e4 e5 2. d3 Nc6 3. Nf3 d6 4. h4 Bg4 5. g3 Nd4 6. Bg2 Qf6 7. Nbd2 Ne7 8. c3
Ndc6 9. Qb3 Na5 10. Qa4+ Nac6 11. Nh2 Bd7 12. Ng4 Bxg4 13. Nc4 a6 14. Bg5 b5 15.
Qb3 Qe6 16. f3 bxc4 17. dxc4 Na5 18. Qa4+ Nec6 19. fxg4 Qxg4 20. Kf2 h6 21. Bh3
Qxe4 22. Bg2 Qf5+ 23. Kg1 e4 24. Re1 Qc5+ 25. Kh2 hxg5 26. Rxe4+ Be7 27. b4 Qf2
28. bxa5 Kd7 29. Rhe1 Rae8 30. R4e2 Qc5 31. Bxc6+ Qxc6 32. Rxe7+ Rxe7 33. Rxe7+
1-0

[Event "Game 6 2011"]
[Site "http://www.queenalice.com/game.php?id=925274"]
[Date "2011.4.12"]
[Round "-"]
[White "BibleFreak"]
[Black "sagissor"]
[Result "1-0"]
[WhiteElo "1733"]
[BlackElo "1484"]

1. d4 d5 2. c4 dxc4 3. Nc3 a6 4. Nf3 b5 5. e4 Bg4 6. Be2 Nc6 7. O-O e6 8. a3 Na5
9. Bf4 Bd6 10. e5 Nb3 11. Rb1 Be7 12. Nh4 Bxe2 13. Qxe2 Nxd4 14. Qe4 f5 15. Nxf5
Nxf5 16. Rbd1 Qb8 17. Rd2 Qa7 18. Rfd1 Nd6 19. Qc6+ Kf7 20. exd6 Bxd6 21. Bxd6
cxd6 22. Rxd6 Nf6 23. Ne4 Nxe4 24. Rd7+ Kf6 25. Rxa7 1-0

[Event "Game 7 2011"]
[Site "http://www.queenalice.com/game.php?id=928253"]
[Date "2011.4.20"]
[Round "-"]
[White "BibleFreak"]
[Black "sagissor"]
[Result "1-0"]
[WhiteElo "1745"]
[BlackElo "1472"]

1. d4 d5 2. Nf3 e6 3. e3 a6 4. Nc3 Nf6 5. Bd3 g6 6. O-O Ng4 7. a4 Nc6 8. Bd2 Qd6
9. Rb1 e5 10. Nxe5 Ncxe5 11. dxe5 Qxe5 12. f4 Qh5 13. h3 Be7 14. Be2 Bh4 15. Be1
Bf6 16. Nxd5 Bd8 17. hxg4 Qh6 18. g5 Qf8 19. Nf6+ Ke7 20. Bb4+ Ke6 21. Qd5# 1-0

[Event "Game 8 2011"]
[Site "http://www.queenalice.com/game.php?id=928255"]
[Date "2011.4.20"]
[Round "-"]
[White "sagissor"]
[Black "BibleFreak"]
[Result "0-1"]
[WhiteElo "1478"]
[BlackElo "1739"]

1. d4 d5 2. c3 Nf6 3. Nf3 Nc6 4. b4 b5 5. e3 a6 6. h3 Bd7 7. Ne5 Nxe5 8. dxe5
Ne4 9. f4 e6 10. Bd3 Qh4+ 11. g3 Qxg3+ 12. Kf1 Qf2# 0-1

[Event "Game 9 2011"]
[Site "http://www.queenalice.com/game.php?id=931189"]
[Date "2011.4.27"]
[Round "-"]
[White "sagissor"]
[Black "BibleFreak"]
[Result "0-1"]
[WhiteElo "1467"]
[BlackElo "1750"]

1. e4 e5 2. f3 d5 3. Nc3 Nf6 4. g4 g5 5. Nh3 h6 6. d4 exd4 7. Nxd5 Nxd5 8. exd5
Qxd5 9. c4 Qe5+ 10. Be2 Be6 11. O-O Nc6 12. f4 Qc5 13. f5 d3+ 14. Nf2 Bxc4 15.
Bxd3 O-O-O 16. Kg2 Ne5 17. Qc2 Qc6+ 18. Kh3 Qf3# 0-1

[Event "Game 10 2011"]
[Site "http://www.queenalice.com/game.php?id=931190"]
[Date "2011.4.27"]
[Round "-"]
[White "BibleFreak"]
[Black "sagissor"]
[Result "1-0"]
[WhiteElo "1755"]
[BlackElo "1462"]

1. d4 e6 2. Nf3 d5 3. c4 dxc4 4. Nc3 Bb4 5. Qa4+ Nc6 6. Ne5 Qxd4 7. Nf3 Bxc3+ 8.
Nd2 Bxb2 9. e3 Qc3 10. Bxb2 Qxb2 11. Rb1 Qf6 12. Nxc4 a6 13. Nd2 b5 14. Bxb5 Ne7
15. Ne4 Qg6 16. Bxc6+ Nxc6 17. Qxc6+ Bd7 18. Qxa8+ 1-0

[Event "Game 11 2011"]
[Site "http://www.queenalice.com/game.php?id=934808"]
[Date "2011.5.6"]
[Round "-"]
[White "BibleFreak"]
[Black "sagissor"]
[Result "1-0"]
[WhiteElo "1763"]
[BlackElo "1454"]

1. d4 d5 2. c4 dxc4 3. Nc3 Bd7 4. e4 b5 5. b4 c6 6. Qf3 e5 7. d5 cxd5 8. Nxd5
Na6 9. a3 f6 10. Be3 Qc8 11. h3 c3 12. Bd3 c2 13. Rc1 Bxb4+ 14. axb4 Nxb4 15.
Nxb4 Qc3+ 16. Bd2 Qb2 17. Ne2 Rc8 18. O-O g6 19. Bxc2 a5 20. Rb1 Qxb1 21. Rxb1
axb4 22. Qd3 Ne7 23. Bb3 f5 24. Bxb4 fxe4 25. Qd6 1-0

[Event "Game 12 2011"]
[Site "http://www.queenalice.com/game.php?id=934809"]
[Date "2011.5.6"]
[Round "-"]
[White "sagissor"]
[Black "BibleFreak"]
[Result "0-1"]
[WhiteElo "1458"]
[BlackElo "1759"]

1. e4 e5 2. f3 Nc6 3. g3 Nf6 4. h4 d5 5. d3 d4 6. g4 Be6 7. g5 Nh5 8. f4 Nxf4 9.
Nf3 Bg4 10. Be2 Nxe2 11. Qxe2 Qd7 12. Nbd2 O-O-O 13. Nc4 g6 14. Qd2 Bxf3 15. Rf1
Bh5 16. Rf6 Be7 17. Rxf7 Qh3 18. Qf2 Qh1+ 19. Kd2 Rhf8 20. b3 Bb4+ 21. c3 Bxc3+
0-1

[Event "Game 13 2011"]
[Site "http://www.queenalice.com/game.php?id=940052"]
[Date "2011.5.19"]
[Round "-"]
[White "BibleFreak"]
[Black "sagissor"]
[Result "0-1"]
[WhiteElo "1767"]
[BlackElo "1450"]

1. d4 d5 2. c4 dxc4 3. Nc3 Be6 4. e4 f5 5. d5 Bf7 6. Bxc4 Nf6 7. exf5 Nbd7 8.
Nf3 Nc5 9. O-O g6 10. Bb5+ Nfd7 11. Ne5 c6 12. Nxf7 Kxf7 13. fxg6+ hxg6 14. Qf3+
Nf6 15. dxc6 Qc7 16. Nd5 Qa5 17. Bc4 bxc6 18. Nc7+ Kg7 19. Nxa8 e5 20. Qxc6 e4
21. Be3 Ncd7 22. Be6 Qe5 23. Rad1 Qxh2# 0-1

[Event "Game 14 2011"]
[Site "http://www.queenalice.com/game.php?id=940053"]
[Date "2011.5.19"]
[Round "-"]
[White "sagissor"]
[Black "BibleFreak"]
[Result "0-1"]
[WhiteElo "1479"]
[BlackElo "1738"]

1. e4 e5 2. d3 Nc6 3. f4 Nf6 4. f5 d5 5. Bd2 dxe4 6. dxe4 Nxe4 7. Bd3 Qh4+ 8. g3
Nxg3 9. Nf3 Qh5 10. Rg1 e4 11. Bxe4 Nxe4 12. Qe2 Qxf5 13. Rg5 Qe6 14. Rg3 Nxg3
15. hxg3 Qxe2+ 16. Kxe2 Bg4 17. Nc3 Bxf3+ 18. Kxf3 Nd4+ 19. Ke4 Nxc2 20. Rc1 Nb4
21. Nd5 Nxd5 22. Kxd5 Rd8+ 23. Ke4 Bd6 24. Kf3 O-O 25. g4 c5 26. Rg1 Be5 27. g5
Rxd2 28. Re1 Bd4 29. Ke4 Re8+ 0-1